000 00791nab a2200241 4500
003 BR-BrBNA
005 20240814160231.0
008 240721b bl.||||| |||| 00| 0 por d
040 _aBR-BrBNA
_bpor
072 _aE14 ; E10 ; E21
100 _aOliveira, Antônio
245 _aPalmas para o agronegócio
500 _a2 illus.
650 _aAGRONEGÓCIO
650 _aAGROINDÚSTRIA
650 _aPROJETO DE DESENVOLVIMENTO
650 _aPOLÍTICA AGRÍCOLA
650 _aPALMAS
650 _aTOCANTINS
773 0 _04604
_9317188
_dPalmas - Tocantins Terranova Gráfica e Editora Jornalística Ltda 2005
_o2024-3812
_tCerrado Rural Agronegócios (Brazil)
_x1980-2595
_gv. 3(17) p. 36-37; (May 2006)
_wBR2024001985
942 _cAnalítica
999 _c300606
_d300606